| 000 | 00925nas a2200301 4500 | ||
|---|---|---|---|
| 001 | BR9904298 | ||
| 003 | BR-BrBNA | ||
| 005 | 20231205101555.0 | ||
| 007 | ta | ||
| 008 | 230509b bl.|||p| |||| 00| 00por d | ||
| 040 |
_aBR-BrBNA _bpor _cBiblioteca Nacional de Agricultura |
||
| 041 | _a(Pt) | ||
| 072 | _aL73 | ||
| 100 | 1 | _aSilva, A.M. | |
| 100 | 1 | _aSantos, W.L.M. | |
| 100 | 1 | _aNicoli, J.R. | |
| 100 | 1 | _aOliveira, A.L. | |
| 100 | 1 | _aLeite, M.O. | |
| 245 | 1 | _aAntagonismo in vitro e in vivo de Bifidobacterium sp. diante de Salmonella enteritidis var. typhimurium | |
| 650 | _aCamundongo | ||
| 650 | _aSalmonelose | ||
| 650 | _aDiarreia | ||
| 650 | _aLeite Fermentado | ||
| 650 | _aAntagonismo | ||
| 773 | 0 |
_tArquivo Brasileiro de Medicina Veterinaria e Zootecnia (Brazil) _xISSN 0102-0935 _g(Oct 1998), v. 50(5) p. 499-504 _wBR9904298 |
|
| 909 |
_a202311 _bLúcia _c55 _dLúcia Elande |
||
| 942 |
_2AGRIS _n0 _cANA |
||
| 999 |
_c162617 _d162617 |
||